| 000 | 01024cam a22002055a 4500 | ||
|---|---|---|---|
| 001 | L149635 | ||
| 008 | 100329e2010 xxk 000 0 eng d | ||
| 035 | _a(Sirsi) u149635 | ||
| 041 | 0 | _aeng | |
| 110 | 2 |
_aEuroProperty _91216 |
|
| 245 | 0 | 0 |
_aSurvey _bTurkey and Greece |
| 260 | _c2010 | ||
| 490 |
_aEuroProperty _v1 March 2010, 27-31(5) |
||
| 520 | _aWith uncertainty over the EU's plans to bail-out the Greek economy there is little optimism in the property investment sector, although distressed assets are attracting interest. Athens yields are down and retail vacancies up. Turkey's once great retail development potential has been slowed by short-sighted retail mall planning allowing them to be developed to close to each other and constrained by inward investment blockages. Suggests considering investment in Turkey's residential property sector. | ||
| 590 | _aKA | ||
| 651 | 4 | _aTurkey | |
| 651 | 4 | _aGreece | |
| 690 | _aPROPERTY-COMMERCIAL PROPERTY-COMMERCIAL PROPERTY FINANCE AND INVESTMENT | ||
| 942 | _n0 | ||
| 999 |
_c82239 _d82239 |
||